000 01309cam a22003617a 4500
003 CHAP
005 20220329141847.0
008 980313d1997 mx r 00110 spa d
010 _a74924
011 _a75896
035 _a85469
040 _cCHAP
090 _aTesis
100 0 0 _aAguayo Garcia, Salvador.
_92612
245 1 0 _aAnálisis de la calidad del proceso administrativo en una empresa agroindustrial :
_bestudio de caso
_c/por Salvador Aguayo García
260 _aChapingo, Méx. :
_bEl autor,
_c1997.
300 _a92 h. :
_bgráfs.
502 _aTesis (Lic. en Administración de Empresas Agropecuarias) -- UACH. Departamento de Economía Agrícola
590 _aALEPH
_b10
_c20130110
_lUCH01
_h1422
590 _aBATCH-UPD
_b10
_c20130110
_lUCH01
_h0758
590 _aBATCH-UPD
_b10
_c20130410
_lUCH01
_h0437
590 _aBATCH-UPD
_b10
_c20130913
_lUCH01
_h1945
590 _aCONVERSION
_b10
_c20130109
_lUCH01
_h1341
650 1 4 _aAdministración de empresas.
_9922
650 1 4 _aEficiencia industrial.
_935746
650 1 4 _aIndustrias agrícolas
_xGuanajuato.
_957949
650 1 4 _aOrganización.
_983533
901 _aBK
905 _aLilia Sánchez G.
942 _cFOLL
949 _bBC
_cTES
_d33724000629507
_eTS2
_fc.2
_h32395
_i85469
_si
949 _bBC
_cTES
_d854691
_eTS1
_h32394
_i85469
_sb
999 _c74924
_d74924